| 000 | 00407nam a22001457a 4500 | ||
|---|---|---|---|
| 082 |
_a320 _bBEN/S |
||
| 100 | _aBENN, S.I | ||
| 245 |
_aSOCIAL PRINCIPLES AND THE DEMOCRATIC STATE _bSOCIAL SCIENCE |
||
| 246 |
_aSOCIAL PRINCIPLES AND THE DEMOCRATIC STATE _bSOCIAL SCIENCE |
||
| 260 |
_aDELHI _bSURJEET PUBLICATIONS _c2006 |
||
| 300 | _a403 | ||
| 520 | _aSOCIAL SCIENCE | ||
| 650 | _aSOCIAL SCIENCE | ||
| 942 | _cBK | ||
| 999 |
_c1568 _d1568 |
||